005940000a22001810004500090001300000245013000013651003400143653001500177690001700192690002300209690002700232041001400259700003100273100003700304942001300341773004100354999001700395 aSERIADAS10aUna nueva especie de pez del género Hemibrycon (Characiformes: Characidae) del alto río Atrato, Noroccidente de Colombia 4pColombialRío Atrato992749 gHemibrycon aPeces992349 aCarácidos918475 aNuevas especies9929050 aEspañol1 aRuiz C., Raquel I.91005321 aRomán Valencia, César999184 cARTICULO1 tCaldasiamJun.h1q121-131d2007g29 c16297d16297